Evangelio de Jesucristo según San Lucas
Guardat en:
| Autor principal: | |
|---|---|
| Format: | Llibre |
| Idioma: | espanyol |
| Publicat: |
Pamplona
Verbo Divino
2007
|
| Col·lecció: | Cuadernos Bíblicos, 137
|
| Matèries: | |
| Etiquetes: |
Afegir etiqueta
Sense etiquetes, Sigues el primer a etiquetar aquest registre!
|
MARC
| LEADER | 00000cam a2200000 a 4500 | ||
|---|---|---|---|
| 001 | UCH8819 | ||
| 003 | CL-VaPUC | ||
| 008 | 091211e20070000SP |||||||||||||||||spa|d | ||
| 020 | |a 9788481697704 | ||
| 082 | 0 | 4 | |a 226.4 |b SAO |2 21 |
| 100 | 0 | |a Saoût, Ives |e author |9 545508 | |
| 245 | 1 | 0 | |a Evangelio de Jesucristo según San Lucas |
| 300 | |a 119 p | ||
| 942 | |c BK | ||
| 945 | |d 20091211 00:00:00 |a dcastane | ||
| 260 | |a Pamplona |b Verbo Divino |c 2007 | ||
| 650 | 0 | |a Biblia |9 257603 | |
| 650 | 0 | |a Nuevo testamento |9 257604 | |
| 650 | 7 | |a EVANGELIO SAN LUCAS |2 CL-VaPUC |9 545509 | |
| 650 | 0 | |a Año litúrgico C |9 545510 | |
| 583 | |a last modification |c 20160705 11:04:56 |k Rodrigo Vera | ||
| 490 | 0 | |a Cuadernos Bíblicos, 137 | |
| 999 | |c 338926 |d 338924 | ||
| 952 | |0 0 |1 0 |4 0 |6 226_400000000000000_SAO_2007 |7 0 |8 A |9 432226 |a BIBTEO |b BIBTEO |d 2019-11-22 |i 4623444 |o 226.4 SAO 2007 |p 4623444 |r 2025-01-17 |w 2019-11-22 |y BK |k ICR | ||
| 952 | |0 0 |1 0 |3 erb |4 0 |6 226_400000000000000_SAO_2007 |7 0 |8 A |9 432227 |a BIBTEO |b BIBTEO |i 5295998 |o 226.4 SAO 2007 |p 5295998 |r 2025-01-17 |w 2019-11-22 |y BK |z Catalogado en:20160708 |k ICR | ||